| 000 | 00613nam a2200181Ia 4500 | ||
|---|---|---|---|
| 008 | 100920s9999 xx 000 0 und d | ||
| 082 |
_b94268 _a28 व 891,43 न 01 |
||
| 100 | _aमुन्शी प्रेमचंद. | ||
| 245 | _aअच्छा जमीदार. | ||
| 260 |
_bसाधना सदन ,इलाहाबाद. _c2001 |
||
| 300 |
_a23 _bसाधी |
||
| 365 | _b30 | ||
| 520 | _aबा.वि.हिंदी. | ||
| 630 | _aअच्छा जमीदार. | ||
| 650 | _aबा.वि.हिंदी. | ||
| 730 | _aअच्छा जमीदार. | ||
| 942 | _cBOOK | ||
| 999 |
_c734711 _d734708 |
||